<?xml version="1.0" encoding="UTF-8"?>
<record
    xmlns:xsi="http://www.w3.org/2001/XMLSchema-instance"
    xsi:schemaLocation="http://www.loc.gov/MARC21/slim http://www.loc.gov/standards/marcxml/schema/MARC21slim.xsd"
    xmlns="http://www.loc.gov/MARC21/slim">

  <leader>02672cam a2200565 i 4500</leader>
  <controlfield tag="001">xx004908596</controlfield>
  <controlfield tag="003">NUKAT</controlfield>
  <controlfield tag="005">20260429131602.0</controlfield>
  <controlfield tag="008">200716s2020    pl a         |001 0 pol c</controlfield>
  <datafield tag="020" ind1=" " ind2=" ">
    <subfield code="a">9788380988699</subfield>
    <subfield code="q">(oprawa twarda) :</subfield>
    <subfield code="c">z&#x142; 40,00</subfield>
  </datafield>
  <datafield tag="035" ind1=" " ind2=" ">
    <subfield code="a">(OCoLC)1413862040</subfield>
  </datafield>
  <datafield tag="035" ind1=" " ind2=" ">
    <subfield code="a">(NUKAT)xx004908596</subfield>
  </datafield>
  <datafield tag="040" ind1=" " ind2=" ">
    <subfield code="a">KAT U/MB</subfield>
    <subfield code="b">pol</subfield>
    <subfield code="e">rda</subfield>
    <subfield code="c">KAT U/MBs</subfield>
    <subfield code="d">KAT U/DB</subfield>
    <subfield code="d">POZN U/EMs</subfield>
    <subfield code="d">WR O/PC</subfield>
    <subfield code="d">OLSZT 008/bak</subfield>
  </datafield>
  <datafield tag="045" ind1="2" ind2=" ">
    <subfield code="b">d1921</subfield>
    <subfield code="b">d1939</subfield>
  </datafield>
  <datafield tag="046" ind1=" " ind2=" ">
    <subfield code="k">2020</subfield>
  </datafield>
  <datafield tag="100" ind1="1" ind2=" ">
    <subfield code="a">Oleszkowicz, Ryszard</subfield>
    <subfield code="d">(1969- ).</subfield>
    <subfield code="e">Autor</subfield>
    <subfield code="9">40886</subfield>
  </datafield>
  <datafield tag="245" ind1="1" ind2="0">
    <subfield code="a">Kontrwywiad kresowy :</subfield>
    <subfield code="b">dzia&#x142;alno&#x15B;&#x107; polskiego kontrwywiadu wojskowego na obszarze Dow&#xF3;dztwa Okr&#x119;gu Korpusu nr IX w Brze&#x15B;ciu nad Bugiem w okresie mi&#x119;dzywojennym /</subfield>
    <subfield code="c">Ryszard Oleszkowicz ; Instytut Pami&#x119;ci Narodowej - Komisja &#x15A;cigania Zbrodni przeciwko Narodowi Polskiemu.</subfield>
  </datafield>
  <datafield tag="260" ind1=" " ind2=" ">
    <subfield code="a">Krak&#xF3;w ;</subfield>
    <subfield code="a">Warszawa :</subfield>
    <subfield code="b">Instytut Pami&#x119;ci Narodowej,</subfield>
    <subfield code="c">2020.</subfield>
  </datafield>
  <datafield tag="300" ind1=" " ind2=" ">
    <subfield code="a">470, [1] strona, [7] stron tablic kolorowych :</subfield>
    <subfield code="b">ilustracje ;</subfield>
    <subfield code="c">25 cm.</subfield>
  </datafield>
  <datafield tag="336" ind1=" " ind2=" ">
    <subfield code="a">Tekst</subfield>
    <subfield code="b">txt</subfield>
    <subfield code="2">rdacontent</subfield>
  </datafield>
  <datafield tag="337" ind1=" " ind2=" ">
    <subfield code="a">Bez urz&#x105;dzenia po&#x15B;rednicz&#x105;cego</subfield>
    <subfield code="b">n</subfield>
    <subfield code="2">rdamedia</subfield>
  </datafield>
  <datafield tag="338" ind1=" " ind2=" ">
    <subfield code="a">Wolumin</subfield>
    <subfield code="b">nc</subfield>
    <subfield code="2">rdacarrier</subfield>
  </datafield>
  <datafield tag="380" ind1=" " ind2=" ">
    <subfield code="a">Ksi&#x105;&#x17C;ki</subfield>
  </datafield>
  <datafield tag="380" ind1=" " ind2=" ">
    <subfield code="a">Publikacje naukowe</subfield>
  </datafield>
  <datafield tag="388" ind1="1" ind2=" ">
    <subfield code="a">2001-</subfield>
  </datafield>
  <datafield tag="490" ind1="1" ind2=" ">
    <subfield code="a">Monografie ;</subfield>
    <subfield code="v">t. 151</subfield>
  </datafield>
  <datafield tag="504" ind1=" " ind2=" ">
    <subfield code="a">Bibliografia na stronach 403-438. Indeksy.</subfield>
  </datafield>
  <datafield tag="610" ind1="2" ind2="7">
    <subfield code="a">Dow&#xF3;dztwo Okr&#x119;gu Korpusu Nr IX (Wojsko Polskie ; 1918-1939)</subfield>
    <subfield code="2">DBN</subfield>
    <subfield code="9">40887</subfield>
  </datafield>
  <datafield tag="610" ind1="1" ind2="7">
    <subfield code="a">Polska.</subfield>
    <subfield code="b">Wojsko Polskie (1918-1939).</subfield>
    <subfield code="b">Okr&#x119;g Korpusu nr IX (Brze&#x15B;&#x107;).</subfield>
    <subfield code="2">kaba</subfield>
    <subfield code="9">40888</subfield>
  </datafield>
  <datafield tag="610" ind1="1" ind2="7">
    <subfield code="a">Polska.</subfield>
    <subfield code="b">Wojsko Polskie (1918-1939).</subfield>
    <subfield code="b">Sztab G&#x142;&#xF3;wny.</subfield>
    <subfield code="b">Oddzia&#x142; II.</subfield>
    <subfield code="2">kaba</subfield>
    <subfield code="9">23040</subfield>
  </datafield>
  <datafield tag="648" ind1=" " ind2="7">
    <subfield code="a">1901-2000</subfield>
    <subfield code="2">DBN</subfield>
    <subfield code="9">34996</subfield>
  </datafield>
  <datafield tag="648" ind1=" " ind2="7">
    <subfield code="a">1918-1939</subfield>
    <subfield code="2">DBN</subfield>
    <subfield code="9">36041</subfield>
  </datafield>
  <datafield tag="650" ind1=" " ind2="7">
    <subfield code="a">Dywersja</subfield>
    <subfield code="2">DBN</subfield>
    <subfield code="9">40889</subfield>
  </datafield>
  <datafield tag="650" ind1=" " ind2="7">
    <subfield code="a">Kontrwywiad polski</subfield>
    <subfield code="2">DBN</subfield>
    <subfield code="9">40890</subfield>
  </datafield>
  <datafield tag="650" ind1=" " ind2="7">
    <subfield code="a">Kontrwywiad wojskowy</subfield>
    <subfield code="2">DBN</subfield>
    <subfield code="9">40891</subfield>
  </datafield>
  <datafield tag="650" ind1=" " ind2="7">
    <subfield code="a">Szpiegostwo</subfield>
    <subfield code="2">DBN</subfield>
    <subfield code="9">40892</subfield>
  </datafield>
  <datafield tag="650" ind1=" " ind2="7">
    <subfield code="a">Wywiad</subfield>
    <subfield code="2">DBN</subfield>
    <subfield code="9">40893</subfield>
  </datafield>
  <datafield tag="650" ind1=" " ind2="7">
    <subfield code="a">S&#x142;u&#x17C;by wywiadowcze wojskowe</subfield>
    <subfield code="z">Polska</subfield>
    <subfield code="y">1900-1945.</subfield>
    <subfield code="2">kaba</subfield>
    <subfield code="9">40894</subfield>
  </datafield>
  <datafield tag="650" ind1=" " ind2="7">
    <subfield code="a">S&#x142;u&#x17C;by wywiadowcze wojskowe</subfield>
    <subfield code="z">Bia&#x142;oru&#x15B;</subfield>
    <subfield code="z">Brze&#x15B;&#x107;</subfield>
    <subfield code="y">1900-1945.</subfield>
    <subfield code="2">kaba</subfield>
    <subfield code="9">40895</subfield>
  </datafield>
  <datafield tag="650" ind1=" " ind2="7">
    <subfield code="a">Bezpiecze&#x144;stwo pa&#x144;stwa</subfield>
    <subfield code="z">Polska</subfield>
    <subfield code="y">1900-1945.</subfield>
    <subfield code="2">kaba</subfield>
    <subfield code="9">11540</subfield>
  </datafield>
  <datafield tag="651" ind1=" " ind2="7">
    <subfield code="a">Kresy wschodnie Rzeczypospolitej</subfield>
    <subfield code="2">DBN</subfield>
    <subfield code="9">36023</subfield>
  </datafield>
  <datafield tag="651" ind1=" " ind2="7">
    <subfield code="a">Polska</subfield>
    <subfield code="2">DBN</subfield>
    <subfield code="9">35076</subfield>
  </datafield>
  <datafield tag="655" ind1=" " ind2="7">
    <subfield code="a">Monografia</subfield>
    <subfield code="2">DBN</subfield>
    <subfield code="9">35240</subfield>
  </datafield>
  <datafield tag="658" ind1=" " ind2=" ">
    <subfield code="a">Bezpiecze&#x144;stwo i wojskowo&#x15B;&#x107;</subfield>
  </datafield>
  <datafield tag="658" ind1=" " ind2=" ">
    <subfield code="a">Historia</subfield>
  </datafield>
  <datafield tag="710" ind1="2" ind2=" ">
    <subfield code="a">Instytut Pami&#x119;ci Narodowej - Komisja &#x15A;cigania Zbrodni przeciwko Narodowi Polskiemu.</subfield>
    <subfield code="e">Instytucja sprawcza</subfield>
    <subfield code="e">Wydawca</subfield>
    <subfield code="4">pbl</subfield>
    <subfield code="9">11792</subfield>
  </datafield>
  <datafield tag="830" ind1=" " ind2="0">
    <subfield code="a">Monografie - Instytut Pami&#x119;ci Narodowej - Komisja &#x15A;cigania Zbrodni przeciwko Narodowi Polskiemu</subfield>
    <subfield code="v">t. 151</subfield>
    <subfield code="9">11794</subfield>
  </datafield>
  <datafield tag="920" ind1=" " ind2=" ">
    <subfield code="a">978-83-8098-869-9 (oprawa twarda) : z&#x142; 40,00</subfield>
  </datafield>
  <datafield tag="942" ind1=" " ind2=" ">
    <subfield code="2">ddc</subfield>
    <subfield code="c">BK_NM</subfield>
  </datafield>
  <datafield tag="999" ind1=" " ind2=" ">
    <subfield code="c">27869</subfield>
    <subfield code="d">27869</subfield>
  </datafield>
  <datafield tag="952" ind1=" " ind2=" ">
    <subfield code="0">0</subfield>
    <subfield code="1">0</subfield>
    <subfield code="2">ddc</subfield>
    <subfield code="4">0</subfield>
    <subfield code="7">0</subfield>
    <subfield code="8">K_mag</subfield>
    <subfield code="a">BIP</subfield>
    <subfield code="b">BIP</subfield>
    <subfield code="d">2020-11-30</subfield>
    <subfield code="e">D-36/2020</subfield>
    <subfield code="f">D</subfield>
    <subfield code="g">40.00</subfield>
    <subfield code="i">59972</subfield>
    <subfield code="l">0</subfield>
    <subfield code="o">59972</subfield>
    <subfield code="p">IPWK24076</subfield>
    <subfield code="r">2026-04-29 13:16:52</subfield>
    <subfield code="w">2026-04-29</subfield>
    <subfield code="y">BK_NM</subfield>
  </datafield>
</record>
